00919nam a22002657a 45000010005000000030006000050050017000110080041000280200015000690400029000840500016001130820012001291000018001412450085001592500046002442600037002903000060003275050008003875200122003955210029005175210020005466500034005666500023006007000030006237996FISKH20250818112503.0250818b cb ||||| |||| 00| 0 eng d a0439102731 aFISKHbengcFISKHdFISKH aPZ7.D8944 T a823.914 aDunbar, Joyce aTell me something happy before I go to sleep / cBy Joyce Bunbar and Debi Cliori aFirst Scholastic printing, September 1999 aNew York : bScholastic ,c1998. a27 unnumbered pages : bcolor illustrations ;c27 cm .  aG  aWilla has trouble falling asleep until her brother reminds her of all the happy things that await her in the morning.8 a370 bLexile estimate 8 aG bRaz-Plus  aBrothers and sistersvFiction aSiblings vFiction aGliori, DebieIllustrator